तीन नाटक : (Record no. 112654)
[ view plain ]
| 000 -LEADER | |
|---|---|
| fixed length control field | 01094nam a22002537a 4500 |
| 005 - DATE AND TIME OF LATEST TRANSACTION | |
| control field | 20170124102942.0 |
| 010 ## - LIBRARY OF CONGRESS CONTROL NUMBER | |
| LC control number | A-923313 |
| 020 ## - INTERNATIONAL STANDARD BOOK NUMBER | |
| Terms of availability | 150.00 |
| International Standard Book Number | 8185828717 |
| 035 ## - SYSTEM CONTROL NUMBER | |
| System control number | A-923313 |
| 037 ## - SOURCE OF ACQUISITION | |
| Source of stock number/acquisition | Cen Lib/Ret |
| 040 ## - CATALOGING SOURCE | |
| Original cataloging agency | DPL |
| Language of cataloging | HN |
| 082 ## - DEWEY DECIMAL CLASSIFICATION NUMBER | |
| Classification number | 822 |
| Item number | बोडस |
| 100 ## - MAIN ENTRY--PERSONAL NAME | |
| Personal name | बोडस, नाग |
| 9 (RLIN) | 48632 |
| 245 ## - TITLE STATEMENT | |
| Title | तीन नाटक : |
| Statement of responsibility, etc | नाग बोडस |
| Remainder of title | वसीयत, दलित, तोता झूठ नहीं बोलता / |
| 246 ## - VARYING FORM OF TITLE | |
| Title proper/short title | Teen natak : vasiyat, dalit, tota jhooth nahi bolta / |
| Remainder of title | by Nag Bodas |
| 260 ## - PUBLICATION, DISTRIBUTION, ETC. (IMPRINT) | |
| Place of publication, distribution, etc | नई दिल्ली |
| Name of publisher, distributor, etc | विधा विहार |
| Date of publication, distribution, etc | 1997 |
| 270 ## - ADDRESS | |
| Address | 1675 कूचा दखनिराय, दरयागंज |
| City | नई दिल्ली |
| Postal code | 110002 |
| 300 ## - PHYSICAL DESCRIPTION | |
| Extent | 174पृ. |
| Dimensions | 20सेमी (सजिल्द) |
| 650 ## - SUBJECT ADDED ENTRY--TOPICAL TERM | |
| Topical term or geographic name as entry element | हिंदी साहित्य |
| 9 (RLIN) | 48633 |
| 650 ## - SUBJECT ADDED ENTRY--TOPICAL TERM | |
| Topical term or geographic name as entry element | हिंदी साहित्य --नाटक |
| 9 (RLIN) | 48634 |
| 650 ## - SUBJECT ADDED ENTRY--TOPICAL TERM | |
| Topical term or geographic name as entry element | Hindi literature |
| 9 (RLIN) | 48635 |
| 650 ## - SUBJECT ADDED ENTRY--TOPICAL TERM | |
| Topical term or geographic name as entry element | Hindi literature--Drama |
| 9 (RLIN) | 48636 |
| 942 ## - ADDED ENTRY ELEMENTS (KOHA) | |
| Source of classification or shelving scheme | Dewey Decimal Classification |
| Koha item type | Hindi Books |
| Classification part | 822 |
| Call number suffix | बोडस |
| Withdrawn status | Lost status | Damaged status | Not for loan | Home library | Current library | Date acquired | Source of acquisition | Cost, normal purchase price | Total Checkouts | Full call number | Barcode | Checked out | Date last seen | Date checked out | Copy number | Cost, replacement price | Price effective from | Koha item type | Source of classification or shelving scheme | Collection code | Shelving location | Total Renewals |
|---|---|---|---|---|---|---|---|---|---|---|---|---|---|---|---|---|---|---|---|---|---|---|
| Central Library | Central Library | 10/08/2015 | Cen Lib/Ret | 150.00 | 3 | 822 बोडस | A-923313 | 16/06/2026 | 02/06/2026 | 02/06/2026 | 1 | 150.00 | 10/08/2015 | Hindi Books | ||||||||
| Sarojini Nagar | Sarojini Nagar | 21/02/2017 | DPL | 150.00 | 1 | 822 बोडस | A-923348 | 20/01/2020 | 20/01/2020 | 1 | 150.00 | 21/02/2017 | Hindi Books | Dewey Decimal Classification | Non-fiction | On Display | ||||||
| Sarojini Nagar | Sarojini Nagar | 18/10/2021 | 1 | 822 बोडस | A-923349 | 03/12/2021 | 05/11/2021 | 150.00 | 18/10/2021 | Hindi Books | Dewey Decimal Classification | Non-fiction | 1 |
